Un billete de lotería (Record no. 167245)

MARC details
000 -LEADER
campo de control de longitud fija 00869nam a22002175i 4500
001 - NÚMERO DE CONTROL
campo de control 167245
003 - IDENTIFICADOR DE NÚMERO DE CONTROL
campo de control ES-MaACL
005 - FECHA Y HORA DE LA ÚLTIMA TRANSACCIÓN
campo de control 20250818063105.0
008 - DATOS DE LONGITUD FIJA--INFORMACIÓN GENERAL
campo de control de longitud fija 050922s1886 sp a | |||||||| ||spa d
040 ## - FUENTE DE CATALOGACIÓN
Centro catalogador/agencia de origen CAM
Lengua de catalogación spa
Centro/agencia transcriptor CAM
080 ## - NÚMERO DE LA CLASIFICACIÓN DECIMAL UNIVERSAL
Número de la Clasificación Decimal Universal 821.133.1-31"18"
100 1# - ENTRADA PRINCIPAL--NOMBRE DE PERSONA
Nombre de persona Verne, Jules,
Fechas asociadas al nombre 1828-1905
9 (RLIN) 188654
245 13 - MENCIÓN DEL TÍTULO
Título Un billete de lotería
Resto del título : el número 9672 ; seguida de Frritt-Flacc /
Mención de responsabilidad, etc. por Julio Verne ; traducción de D. A. de A.
250 ## - MENCION DE EDICION
Mención de edición Ed. il. con cuarenta y dos dibujos de George Roux, y un mapa.
260 ## - PUBLICACIÓN, DISTRIBUCIÓN, ETC.
Lugar de publicación, distribución, etc. Madrid :
Nombre del editor, distribuidor, etc. Agustín Jubera, editor,
Fecha de publicación, distribución, etc. 1886 (
Fabricante Imprenta de A. Pérez Dubrull)
300 ## - DESCRIPCIÓN FÍSICA
Extensión 2 v. (61 ; 49 p.) :
Otras características físicas il. ;
Dimensiones 27 cm.
700 1# - ENTRADA AGREGADA--NOMBRE PERSONAL
Nombre de persona Roux, George.
9 (RLIN) 132121
740 0# - ENTRADA AGREGADA--TÍTULO RELACIONADO/ANALÍTICO NO CONTROLADO
Título relacionado o analítico no controlado Frritt-Flacc.
852 ## - LOCALIZACIÓN
Ubicación ES-MaACL
Número de control de estantería C-1715(1)
Nota libre -- Enc. hol.
-- -- Legado de Modesto de la Fuente
-- -- Enc. 2 t. en 1 v.
Holdings
Estatus retirado Estado de pérdida Estado de daño No para préstamo Colección Biblioteca de origen Biblioteca actual Ubicación en estantería Fecha de adquisición Fuente de adquisición Total de préstamos Signatura topográfica completa Código de barras Visto por última vez Precio de reemplazo Tipo de ítem Koha
        Libros del s. XIX Biblioteca del Ateneo de Madrid Biblioteca del Ateneo de Madrid Galería 17/01/2008     C-1715(1) 1175444 23/02/2023 23/02/2023 Libro impreso antiguo